000 00252nam a2200109Ia 4500
008 190914s9999||||xx |||||||||||||| ||und||
100 _aAmely Ludong
245 0 _aDastan-e-Nepoleon
260 _aLahore
_bFiction House
_c2003
300 _a607
942 _cBK
999 _c8989
_d8989